A-League Teams quiz - Statistics

General Stats
  • This quiz has been taken 19 times
  • The average score is 10 of 12
Answer Stats
Hint Answer % Correct
NSW Sydney
100%
NSW Wanderers
93%
VIC City
87%
VIC United
87%
SA United
87%
VIC Victory
87%
WA Glory
80%
NZ Phoenix
80%
QLD Roar
80%
NSW Jets
73%
NSW Macarthur
67%
NSW Mariners
67%
No matching quizzes found
Score Distribution
Percent of People with Each Score
Percentile by Number Answered
Your Score History
You have not taken this quiz